01325nam a22003137a 450000500170000000600020001700800410001902000250006002000380008503500130012304000280013605000100016424501790017426400870035330000230044033600260046333700260048933800360051549000580055158800470060965000300065665000270068665000250071365000580073865000230079665000230081970000310084277601380087320251222083613.0 251222b |||||||| |||| 00| 0 eng d a9780830873111qeBook z9780830828647 (pbk. : alk. paper) a20726086 aDLCbengerdacKMUdKMU00aBR11000aPsychology and spiritual formation in dialogue :bmoral and spiritual change in Christian perspective /cedited by Thomas M. Crisp, Steven L. Porter, and Gregg A. Ten Elshof. 1aDowners Grove, Illinois :bIVP Academic, an imprint of InterVarsity Press,c[2019] a1 online resource. atextbtxt2rdacontent acomputerbc2rdamedia aonline resourcebcr2rdacarrier0 aChristian Association for Psychological Studies books aDescription based on print version record. 0aChristianityxPsychology. 0aPsychology, Religious. 0aSpiritual formation. 0aChange (Psychology)xReligious aspectsxChristianity. 0aFaith development. 0aMoral development.1 aCrisp, Thomas M.,eeditor.08iPrint version:tPsychology and spiritual formation in dialoguedWestmont : InterVarsity Press, 2018z9780830828647w(DLC) 2018045276